Gua̕ de estudio para la asignatura formacin̤ e informacin̤ tributaria

Bibliographic Details
Format: eBook
Language:Spanish
Published: Mx̌ico D.F. : Instituto Mexicano de Contadores Pb︢licos, 2011
Subjects:
Online Access:http://www.vlex.com/source/7074

MARC

LEADER 00000nam a22000007a 4500
005 20130226182530.0
007 cr|||| ||||
008 130226e2011 mx |||||s|||| 00||0 spa d
020 |a 978-607-762-101-0 
035 |a 7074 
040 |a vLex 
090 |c 3777  |d 3777 
245 0 0 |a Gua̕ de estudio para la asignatura formacin̤ e informacin̤ tributaria  |h [Recurso electrn̤ico] 
256 |a Servicio en ln̕ea 
260 |a Mx̌ico D.F. :  |b Instituto Mexicano de Contadores Pb︢licos,   |c 2011 
300 |a 1 Recurso electrn̤ico 
650 0 4 |a Derecho tributario  |z Mx̌ico 
740 |a vLex Libros (Servicio en ln̕ea) 
856 |a Acceso restringido  |u http://www.vlex.com/source/7074 
942 |c BOOK 
999 0 |a Taxation